Top 30 Città più popolose non Capoluogo - Statistics

Statistiche generali
  • Questo quiz è stato fatto 369 volte
    165 dall'ultimo reset
  • Il punteggio medio è 11 su 30
Statistiche sulle risposte
Popolazione Provincia Città % Corretto
124 580 Napoli Giugliano in Campania
69%
84 109 Varese Busto Arsizio
61%
79 017 Milano Sesto San Giovanni
55%
79 569 Trapani Marsala
51%
69 452 Bologna Imola
49%
83 323 Roma Fiumicino
48%
73 571 Modena Carpi
47%
75 049 Milano Cinisello Balsamo
43%
89 305 Roma Guidonia Montecelio
43%
67 963 Cagliari Quartu Sant'Elena
43%
79 037 Napoli Torre del Greco
43%
70 188 Caltanissetta Gela
42%
61 380 Napoli Afragola
41%
59 887 Pesaro e Urbino Fano
40%
61 952 Napoli Castellammare di Stabia
39%
74 926 Napoli Pozzuoli
39%
60 676 Lucca Viareggio
38%
63 030 Pavia Vigevano
38%
70 128 Bari Altamura
34%
74 663 Latina Aprilia
33%
67 092 Catanzaro Lamezia Terme
32%
65 095 Roma Pomezia
29%
58 545 Napoli Acerra
26%
59 833 Roma Anzio
26%
73 271 Napoli Casoria
25%
73 989 Cosenza Corigliano-Rossano
25%
65 708 Ragusa Vittoria
25%
58 761 Ravenna Faenza
23%
60 831 Milano Legnano
21%
57 658 Napoli Marano di Napoli
8%
Nessun quiz corrispondente trovato
Distribuzione punteggi
Percentuale di utenti per punteggio
Percentile per numero di risposta
I tuoi punteggi nel tempo
Non hai fatto questo quiz dall'ultimo reset